000 00553cam a22002171 4500
001 sa 67004462
003 DLC
005 20260227112347.0
008 890620s1963 ii 000 0 hino
010 _asa 67004462
035 _a(OCoLC)19902522
040 _aDLC
_cWaU
_dDLC
042 _apremarc
050 0 0 _aPK2097.H3
_bS68 1963
100 0 _aHariścandra,
_cBhāratendu,
_d1850-1885.
245 1 0 _aŚrī Candrāvalī.
260 _c[1963]
300 _a48, 88 p.
_c18 cm.
500 _aIn Hindi.
700 1 _aVarshneya, Lakshmisagara,
_d1914-
999 _c74503
_d74503